00245nam a22000977a 4500020001500000082001600015100001700031245002200048260004300070300003400113 a8174091947 222a620.106 aJain, A. K.  aFluid mechanics / aNew Delhi,bKhanna Publishers,cc2006. axx, 991 p. ;bill. ;c23 cm.